[Event "Idaho Closed"]
[Site "Twin Falls, ID"]
[Date "2009.02.14"]
[Round "1.9"]
[White "Featherston, Scott"]
[Black "Lundy III, George W"]
[Result "0-1"]
[WhiteElo "815"]
[BlackElo "1611"]

1. e4 e5 2. Bc4 Nf6 3. Qf3 Be7 4. Nc3 c6 5. Nge2 d6 6. d3 O-O 7. h3 Be6 8. Bb3
Nbd7 9. Qg3 Kh8 10. Bh6 gxh6 11. Qe3 Ng8 12. g4 Bg5 13. f4 exf4 14. Qf3 Bh4+
15. Kd2 Ne5 16. Qg2 Bg5 17. Qf2 f3+ 18. Kd1 fxe2+ 19. Kxe2 Nxg4 20. hxg4 Bxg4+
21. Ke1 Qe7 22. Rg1 Bh4 23. Rg3 Bxg3 24. Qxg3 h5 25. d4 f5 26. Kd2 Qg5+ 27.
Kd3 fxe4+ 28. Kc4 b5+ 29. Kb4 c5+ 30. dxc5 a5+ 31. Kxb5 Bd7+ 32. Kb6 Qxc5+ 33.
Kb7 Rfb8# 0-1

[Event "Idaho Closed"]
[Site "Twin Falls, ID"]
[Date "2009.02.14"]
[Round "2.11"]
[White "Abderhalden, Richard Robert"]
[Black "Featherston, Scott"]
[Result "1-0"]
[WhiteElo "1440"]
[BlackElo "815"]

1. e4 e5 2. Nf3 Qf6 3. c3 Nc6 4. d4 exd4 5. cxd4 Nge7 6. Bc4 a6 7. Be3 d6 8.
Nc3 h6 9. O-O Ng6 10. Re1 Be7 11. Qd2 Nh4 12. Nxh4 Qxh4 13. e5 O-O 14. exd6
Bxd6 15. g3 Qh3 16. Bf1 Qh5 17. Bg2 Ne7 18. Bf4 Re8 19. Bxd6 cxd6 20. Qf4 Be6
21. Qxd6 Rab8 22. d5 Rbd8 23. Qe5 Bf5 24. Qf4 Ng6 25. Rxe8+ Rxe8 26. Qc7 Ne5
27. Be4 Bxe4 28. Nxe4 Nf3+ 29. Kg2 Rxe4 30. d6 Ne1+ 31. Rxe1 Rxe1 32. d7 Qd5+
33. Kh3 Qf5+ 34. Kg2 Re2 35. d8=Q+ Kh7 36. Qf4 Qc5 37. Qd3+ g6 38. Qxe2 Qd5+
39. Qef3 Qxa2 40. Qxf7+ Qxf7 41. Qxf7+ Kh8 42. Qxb7 a5 43. Qa7 a4 44. Qxa4 h5
45. b4 Kg7 46. b5 Kf7 47. b6 Kf6 48. b7 Ke6 49. b8=R Kf6 50. Rg8 Kf7 51. Qe8+
Kf6 52. Rxg6+ Kf5 53. Qe6# 1-0

[Event "Idaho Closed"]
[Site "Twin Falls, ID"]
[Date "2009.02.15"]
[Round "3.11"]
[White "Featherston, Scott"]
[Black "Ye, Michael"]
[Result "0-1"]
[WhiteElo "815"]
[BlackElo "1055"]

1. e4 e5 2. Bc4 Nf6 3. d3 Bc5 4. h3 Nc6 5. Nf3 d6 6. a4 a5 7. Nc3 h6 8. g4 Bb4
9. Bd2 Bxc3 10. bxc3 Nd7 11. g5 hxg5 12. Nxg5 Rf8 13. Nh7 Rh8 14. Ng5 Qf6 15.
Qe2 Nb6 16. h4 Nxc4 17. dxc4 Bd7 18. Rb1 Rb8 19. Be3 b6 20. c5 dxc5 21. Bxc5
bxc5 22. Rxb8+ Nxb8 23. Qd1 Ke7 24. Qd5 Na6 25. Qb7 Bc8 26. Qb5 Qb6 27. Qxb6
cxb6 28. Nf3 f6 29. Nd2 Bb7 30. f3 g5 31. Rg1 Rxh4 32. Nc4 Bc6 33. Nxb6 Rh3
34. Ke2 Rh2+ 35. Kd3 Rf2 36. Rg3 Kd6 37. Nc4+ Kc7 38. Nxa5 Bxa4 39. Nc4 Bb5
40. Rh3 Bxc4+ 41. Kxc4 Kc6 42. Rh6 Rxf3 43. Rh8 g4 44. Rc8+ Nc7 45. Rg8 g3 46.
Kb3 Nb5 47. Rg6 Rxc3+ 48. Kb2 Rf3 49. c4 Nd4 50. Ka2 Rf2+ 51. Ka3 g2 52. Ka4
Ra2# 0-1

[Event "Idaho Closed"]
[Site "Twin Falls, ID"]
[Date "2009.02.15"]
[Round "4.13"]
[White "Featherston, Scott"]
[Black "Simonson, Jay L"]
[Result "1-0"]
[WhiteElo "815"]
[BlackElo "689"]

1. e4 e5 2. Bc4 Nc6 3. c3 Nf6 4. d3 Bc5 5. Qe2 O-O 6. Nh3 d5 7. exd5 Nxd5 8.
Ng5 h6 9. Ne4 Bb6 10. a3 Bf5 11. Qf3 Qd7 12. h3 Rae8 13. Nbd2 Nf4 14. g3 Nxh3
15. Nf1 Bxf2+ 16. Kd2 Ng1 17. Qxf2 Nh3 18. Rxh3 Bxh3 19. Ne3 Be6 20. Bxe6 Rxe6
21. Nf5 b6 22. g4 Rg6 23. Qh4 Na5 24. Kc2 c5 25. Bxh6 gxh6 26. Nxh6+ Kg7 27.
Nf5+ Kg8 28. Rh1 Rh6 29. Qxh6 Qxd3+ 30. Kxd3 c4+ 31. Kc2 {#r} 1-0

[Event "Idaho Closed"]
[Site "Twin Falls, ID"]
[Date "2009.02.16"]
[Round "5.12"]
[White "Min, William"]
[Black "Featherston, Scott"]
[Result "1-0"]
[WhiteElo "967"]
[BlackElo "815"]

1. e4 e5 2. Nf3 Qf6 3. d4 Nc6 4. Bg5 Qg6 5. Nc3 f6 6. Be3 Bb4 7. Bd2 exd4 8.
Bd3 dxc3 9. e5 Qxg2 10. Rg1 Qh3 11. Bxc3 Bxc3+ 12. bxc3 Nxe5 13. Qe2 d6 14.
Rg3 Qe6 15. Nxe5 dxe5 16. Rxg7 Bd7 17. Rxd7 Qxd7 18. Bb5 c6 19. Qh5+ Kd8 20.
Bd3 Kc7 21. O-O-O h6 22. Bf5 Qe7 23. Rd7+ Qxd7 24. Bxd7 Kxd7 25. Qf7+ Ne7 26.
Qxf6 Raf8 27. Qxe5 Rxf2 28. Qd4+ Nd5 29. Qxf2 Re8 30. Qf7+ Re7 31. Qh5 Re6 32.
Kb2 a5 33. Qf7+ Ne7 34. Qh5 Kc7 35. Qxa5+ Kd7 36. Qb6 Kc8 37. a4 Nd5 38. Qb3
Re2 39. c4 Ne7 40. Qh3+ Kc7 41. Qxh6 Kb6 42. h3 Kc5 43. Qg5+ Kxc4 44. h4 Nd5
45. Qg4+ Nf4 46. Qxf4+ Kc5 47. h5 Kb6 48. h6 Re8 49. h7 Rh8 50. Qd4+ Ka5 51.
Qxh8 Kxa4 52. Qa8+ Kb5 53. Qxb7+ {#r} 1-0

[Event "Idaho Closed"]
[Site "Twin Falls, ID"]
[Date "2009.02.16"]
[Round "6.14"]
[White "Min, Michael"]
[Black "Featherston, Scott"]
[Result "0-1"]
[WhiteElo "360"]
[BlackElo "815"]

1. e4 a6 2. Nf3 Nc6 3. Bc4 e6 4. O-O Bd6 5. d3 Qf6 6. Bg5 Qxb2 7. Nbd2 h6 8.
Bh4 g5 9. Bg3 e5 10. Rb1 Qc3 11. Rb3 Qa5 12. Rb2 Nge7 13. Bb3 f6 14. Bd5 h5
15. Bxc6 dxc6 16. Nc4 Qc5 17. Nxd6+ cxd6 18. d4 Qc3 19. Rb3 Qa5 20. dxe5 dxe5
21. Qe1 Qxa2 22. Rd3 Bd7 23. Qd1 O-O-O 24. Qb1 Qxb1 25. Rxb1 h4 26. Bxe5 fxe5
27. Nxe5 b5 28. Nf7 Rdf8 29. Nxh8 Rxh8 30. Rbd1 Rd8 31. e5 Nd5 32. g3 h3 33.
f4 gxf4 34. gxf4 Nxf4 35. R3d2 Nd5 36. Kf2 Bg4 37. Re1 a5 38. e6 Bh5 39. e7
Re8 40. Rde2 a4 41. Re5 Bg6 42. c3 Nxc3 43. Re6 Bf7 44. Rxc6+ Kd7 45. Rxc3 Rb8
46. Rd3+ Ke8 47. Rd8+ Rxd8 48. exd8=Q+ Kxd8 49. Rd1+ Kc7 50. Rd4 a3 51. Rd1 b4
52. Rc1+ Kb6 53. Ra1 Kb5 54. Ke2 a2 55. Kd2 b3 56. Kc1 Kb4 57. Kb2 Bc4 58.
Rxa2 bxa2 59. Ka1 Kc5 60. Kb2 Kd4 61. Ka1 Ke3 62. Kb2 Kf2 63. Kc3 Bf7 64. Kc2
a1=Q 65. Kd3 Qf1+ 66. Kd2 Bb3 67. Kc3 Qc4+ 68. Kd2 Bc2 69. Kc1 Bd3+ 70. Kd2
Qc2# 0-1

[Event "Idaho Closed"]
[Site "Boise, ID"]
[Date "2010.02.14"]
[Round "3.14"]
[White "Featherston, Scott"]
[Black "Uriarte, Andrew"]
[Result "0-1"]
[WhiteElo "815"]
[BlackElo "1196"]

1. d4 d5 2. g3 e6 3. a3 c5 4. dxc5 Bxc5 5. e3 Qa5+ 6. Nc3 Nf6 7. Bd2 Qc7 8. f3
Nc6 9. Nge2 O-O 10. Rb1 a5 11. Bg2 Rd8 12. Nb5 Qb6 13. Nbd4 Nxd4 14. Nxd4 Bxd4
15. exd4 Qxd4 16. c3 Qe5+ 17. Kf2 d4 18. Bf4 Qc5 19. Kf1 b6 20. g4 Ba6+ 21.
Ke1 dxc3 22. Qc2 Rd4 23. Be3 Qe5 24. Kf2 Rd3 25. Rhe1 Rad8 26. Bxb6 Rd2+ 27.
Kg1 Qxe1+ 28. Rxe1 Rxc2 29. Bxd8 Rxb2 30. Bxa5 c2 31. Bf1 Bxf1 32. Rxf1 Rb1
33. Bd2 Nd5 34. Kf2 Rxf1+ 35. Kxf1 Nc3 36. Ke1 Na2 37. a4 c1=Q+ 38. Bxc1 Nxc1
39. a5 Nd3+ 40. Kd2 Nc5 41. Kc3 Kf8 42. Kb4 Na6+ 43. Kb5 Nb8 44. Kb6 Nd7+ 45.
Kc6 Ke8 46. a6 Nb8+ 47. Kb7 Nxa6 48. Kxa6 Ke7 49. Kb5 Kd6 50. Kc4 Ke5 51. Kd3
Kf4 52. Ke2 f5 53. gxf5 exf5 54. Kf2 g5 55. Kg2 h5 56. h3 Ke3 57. Kg3 f4+ 58.
Kg2 Ke2 59. h4 gxh4 60. Kh3 Kxf3 61. Kxh4 Kg2 62. Kxh5 f3 63. Kg4 f2 64. Kf4
f1=R+ 65. Ke3 Ra1 66. Kd2 Ra3 67. Ke2 Kg3 68. Kd2 Kf4 69. Ke2 Rb3 70. Kd2 Rh3
71. Ke2 Ke4 72. Kd2 Rg3 73. Kc2 Kd4 74. Kd2 Rg2+ 75. Ke1 Kd3 76. Kf1 Ra2 77.
Ke1 Rb2 78. Kf1 Ke3 79. Kg1 Kf3 80. Kh1 Kg3 81. Kg1 Rb1# 0-1

[Event "Idaho Closed"]
[Site "Boise, ID"]
[Date "2010.02.14"]
[Round "4.14"]
[White "Featherston, Scott"]
[Black "Min, Kathy"]
[Result "0-1"]
[WhiteElo "815"]
[BlackElo "868"]

1. d4 d5 2. g3 Nc6 3. Bg2 Nf6 4. Nc3 e6 5. Bg5 Be7 6. h4 b6 7. Bxf6 Bxf6 8. e3
Ba6 9. Nge2 Qd6 10. O-O O-O-O 11. e4 dxe4 12. Nxe4 Qd7 13. Nxf6 gxf6 14. c3
Rhg8 15. Bxc6 Qxc6 16. f3 Bxe2 17. Qxe2 Rxg3+ 18. Kh2 Qd6 19. Kh1 Rh3+ 20. Kg1
Rxh4 21. Rf2 f5 22. Qe5 Rg8+ 23. Rg2 Rxg2+ 24. Kxg2 Qxe5 25. dxe5 c5 26. Kg3
Rh6 27. Kg2 Kc7 28. a4 a5 29. Rd1 f4 30. c4 f6 31. Re1 Rg6+ 32. Kf2 h5 33.
exf6 Rxf6 34. Re5 Rh6 35. Rg5 h4 36. Kg2 Kd6 37. Kh3 e5 38. Rg4 Rh5 39. Rg6+
Ke7 40. Rxb6 e4 41. fxe4 f3 42. Kh2 h3 43. Rg6 f2 44. Rg1 fxg1=Q+ 45. Kxg1 h2+
46. Kh1 Ke6 47. b3 Ke5 48. b4 cxb4 49. c5 b3 50. c6 b2 51. c7 b1=Q+ 52. Kg2
Qg1+ 53. Kf3 Rh3+ 54. Ke2 Qe3+ 55. Kd1 h1=R+ 56. Kc2 Qf2# 0-1

[Event "SIO (Reserve)"]
[Site "Twin Falls, ID"]
[Date "2010.11.13"]
[Round "1.2"]
[White "Featherston, Scott"]
[Black "Ness, Kevin D"]
[Result "0-1"]
[WhiteElo "803"]
[BlackElo "1290"]

1. e4 e5 2. Nf3 Nc6 3. Bb5 d6 4. Nc3 Bd7 5. Bxc6 Bxc6 6. Qe2 Nf6 7. h3 h6 8.
d3 Be7 9. Be3 Nh5 10. g3 b5 11. a3 a5 12. b3 b4 13. axb4 axb4 14. Rxa8 Qxa8
15. Nd1 Bb5 16. Nd2 Nf6 17. Nb2 Qa1+ 18. Nd1 d5 19. Qf3 d4 20. Nc4 dxe3 21.
Qxe3 O-O 22. Nxe5 Qxe5 23. f4 Qc5 24. Qd2 Qd4 25. g4 Bc5 26. g5 hxg5 27. fxg5
Nh5 28. Rf1 g6 29. Rf3 Qg1+ 30. Rf1 Qg3+ 31. Ke2 Bd6 32. Rf3 Nf4+ 33. Ke3 Qg1+
34. Nf2 Ng2+ 35. Ke2 Nh4 36. Rf6 Be5 37. Ng4 Bc3 38. Qd1 Qg2+ 39. Ke3 Qxh3+
40. Kf4 Ng2# 0-1

[Event "SIO (Reserve)"]
[Site "Twin Falls, ID"]
[Date "2010.11.13"]
[Round "2.5"]
[White "Whitlock, Jake"]
[Black "Featherston, Scott"]
[Result "0-1"]
[WhiteElo "218"]
[BlackElo "803"]

1. e4 Nc6 2. Nh3 e5 3. Qh5 Nf6 4. Qf5 d5 5. d3 Bxf5 6. exf5 Bc5 7. Bg5 h6 8.
Bxf6 Qxf6 9. g4 Nd4 10. Na3 Bxa3 11. bxa3 Nxc2+ 12. Kd2 Nxa1 13. Bg2 c6 14.
Rxa1 O-O 15. Ng1 e4 16. dxe4 dxe4 17. Ke3 Qxa1 18. Bxe4 Rad8 19. h3 Qd4+ 20.
Kf4 Rfe8 21. Nf3 Qxe4+ 22. Kg3 g5 23. h4 Qf4+ 24. Kg2 Qxg4+ 25. Kf1 Rd1+ {#R}
0-1

[Event "WIO (Reserve)"]
[Site "Boise, ID"]
[Date "2010.12.11"]
[Round "2.4"]
[White "Featherston, Scott"]
[Black "Simonson, Jay L"]
[Result "1-0"]
[WhiteElo "803"]
[BlackElo "657"]

1. d4 d5 2. h3 Nc6 3. Nf3 Bf5 4. a3 e6 5. g4 Be4 6. Bg2 Bd6 7. Rg1 Bxf3 8.
Bxf3 Nf6 9. Nc3 O-O 10. Qd3 e5 11. dxe5 Nxe5 12. Qf5 g6 13. Qg5 Qe7 14. Bxd5
c6 15. Bg2 Bc5 16. e3 Rad8 17. Bd2 Nd5 18. Ne4 Qxg5 19. Nxg5 Rfe8 20. Ne4 Bb6
21. c3 Nd3+ 22. Ke2 Nxb2 23. Rab1 Nc4 24. Bc1 Rxe4 25. Bxe4 Nxc3+ 26. Kf3 Nxb1
27. Bxb1 Ne5+ 28. Kf4 Bc7 29. Ke4 Nc4 30. Bd3 Ne5 31. Be2 b5 32. Bb2 Nc4 33.
Bxc4 bxc4 34. Rc1 Re8+ 35. Kd4 Be5+ 36. Kxc4 Bxb2 37. Rb1 Bxa3 38. Rb7 Re4+
39. Kd3 Ra4 40. Rb8+ Kg7 41. Rc8 c5 42. Kc2 Rc4+ 43. Kb3 Rc1 44. Kxa3 a5 45.
Ka4 c4 46. Ka3 c3 47. Kb3 a4+ 48. Ka2 Rc2+ 49. Ka3 Rxf2 50. Rxc3 Rf3 51. h4
Rh3 52. Kxa4 Rxh4 53. Rc4 Rh3 54. e4 Rh1 55. Kb5 f6 56. Kc6 Rg1 57. e5 fxe5
58. Kd5 Re1 59. g5 h6 60. Rc7+ Kg8 61. gxh6 g5 62. Ke6 Rf1 63. Kxe5 g4 64.
Rg7+ Kh8 65. Rxg4 Kh7 66. Rh4 Re1+ 67. Kf6 Rf1+ 68. Kg5 Rg1+ 69. Kf4 Rg6 70.
Kf5 Rxh6 71. Ra4 Rg6 72. Ra7+ Kh6 73. Ra1 Rg5+ 74. Kf6 Rg6+ 75. Kf7 Rg7+ 76.
Kf8 Rg5 77. Rh1+ Rh5 78. Rd1 Rg5 79. Rd7 Kh5 80. Rh7+ Kg4 81. Ke7 Rf5 82. Ke6
Kf4 83. Rh4+ Kg5 84. Rh1 Rf6+ 85. Ke7 Rf4 86. Rg1+ Rg4 87. Rb1 Kh4 88. Kf6 Rg3
89. Rb8 Kh3 90. Kf5 Kg2 91. Kf4 Rf3+ 92. Ke4 Rf2 93. Rg8+ Kf1 94. Ke3 Ke1 95.
Ra8 Re2+ 96. Kf3 Kd1 97. Ra1+ Kd2 98. Ra2+ Kd3 99. Rxe2 {#r} 1-0

[Event "WIO (Reserve)"]
[Site "Boise, ID"]
[Date "2010.12.12"]
[Round "4.4"]
[White "Ramalingam, Deeban"]
[Black "Featherston, Scott"]
[Result "1-0"]
[WhiteElo "1204"]
[BlackElo "803"]

1. e4 e5 2. Nf3 Nc6 3. Bc4 h6 4. O-O Bc5 5. c3 Nf6 6. Nxe5 Nxe5 7. d4 Nxc4 8.
dxc5 Ne5 9. f4 Nc6 10. e5 Ng8 11. Re1 Nge7 12. Nd2 O-O 13. Nf3 Nf5 14. Nd4
Nfxd4 15. cxd4 Re8 16. Re3 d6 17. cxd6 cxd6 18. Rd3 Bf5 19. Rd2 dxe5 20. dxe5
Qb6+ 21. Kh1 Re7 22. b3 Rae8 23. Bb2 Rd8 24. Rxd8+ Qxd8 25. Qxd8+ Nxd8 26. g3
Rd7 27. Ba3 b5 28. Bd6 Nb7 29. Rd1 a5 30. Kg1 Nc5 31. Rd5 Ne4 32. Rxb5 Nxd6
33. exd6 Rxd6 34. Rxf5 Rd1+ 35. Kg2 Rd2+ 36. Kh3 Rxa2 37. Rb5 Ra3 38. Kg4 g6
39. h4 Ra1 40. h5 Kg7 41. hxg6 fxg6 42. Rb8 Ra3 43. b4 a4 44. b5 Ra1 45. b6 a3
46. b7 Rb1 47. Ra8 Rb3 48. b8=Q Rxb8 49. Rxb8 Kf6 50. Ra8 h5+ 51. Kf3 g5 52.
fxg5+ Kxg5 53. Rxa3 Kf5 54. Ra5+ Kg6 55. Kf4 Kh6 56. Ra6+ Kg7 57. Kg5 h4 58.
gxh4 Kh7 59. h5 Kg7 60. Ra7+ Kh8 61. Kg6 Kg8 62. Ra8# 1-0

[Event "ICA Players Mem-Res."]
[Site "Boise, ID"]
[Date "2011.05.14"]
[Round "1.1"]
[White "Featherston, Scott"]
[Black "Finch, Douglas W"]
[Result "0-1"]
[WhiteElo "868"]
[BlackElo "1371"]

1. e4 c5 2. Qh5 d6 3. Bc4 g6 4. Qd5 e6 5. Bb5+ Nd7 6. Qb3 Bg7 7. Nf3 a6 8.
Bxd7+ Qxd7 9. c3 Ne7 10. O-O O-O 11. d3 b5 12. Bd2 a5 13. Qc2 Bb7 14. Re1 b4
15. Bg5 h6 16. Bxe7 Qxe7 17. Nbd2 bxc3 18. bxc3 Qf6 19. Rac1 g5 20. h3 Qg6 21.
g4 f5 22. Nh2 fxg4 23. hxg4 h5 24. f3 Be5 25. Rb1 Ra7 26. Rf1 Ba8 27. Rf2 h4
28. Nhf1 Qf6 29. Kg2 Bxc3 30. Nc4 h3+ 31. Kg3 Qf4+ 32. Kxh3 Rh7+ 33. Kg2 Bd4
34. Qe2 Bxf2 35. Qxf2 d5 36. exd5 Bxd5 37. Ncd2 Qxg4+ 38. Ng3 Qh3+ 39. Kg1
Rhf7 40. Nge4 g4 41. f4 Rxf4 42. Qh2 Qxd3 43. Re1 c4 44. Ng5 Qd4+ 45. Re3
Qxe3+ 46. Qf2 Rxf2 {#R} 0-1

[Event "WIO (Reserve)"]
[Site "Boise, ID"]
[Date "2011.12.10"]
[Round "2.4"]
[White "Featherston, Scott"]
[Black "Patterson, Katie Rae"]
[Result "0-1"]
[WhiteElo "811"]
[BlackElo "911"]

1. e4 e5 2. Qf3 Nc6 3. Bc4 Nf6 4. Ne2 Bc5 5. O-O O-O 6. h3 d6 7. Kh2 a6 8. a4
Nb4 9. Na3 d5 10. exd5 Nbxd5 11. c3 e4 12. Qg3 Bd6 13. f4 c6 14. d3 exd3 15.
Bxd3 Qc7 16. Qh4 h6 17. g3 Be7 18. g4 Nxg4+ 19. hxg4 Bxh4 20. Rg1 Nf6 21. Bf5
Bxf5 22. gxf5 Rfe8 23. Nd4 Bf2 24. Rg2 Bxd4 25. cxd4 Kh7 26. Kh3 Qd7 27. Nc2
Qxf5+ 28. Kh2 Qh5+ 29. Kg1 Nd5 30. Bd2 Qh4 31. f5 Nf4 32. Rh2 Qg3+ 33. Kh1 Re2
34. Rxe2 Nxe2 35. Ne3 Nf4 36. Rf1 Qh3+ 37. Kg1 Ne2+ 38. Kf2 Nxd4 39. Ke1 Re8
40. Kf2 Qh2+ 41. Ng2 Re2# 0-1

[Event "ICU MVCC Ch (Challenger)"]
[Site "Twin Falls, ID"]
[Date "2012.03.24"]
[Round "1.1"]
[White "Featherston, Scott"]
[Black "Puderbaugh, Kory"]
[Result "0-1"]
[WhiteElo "1000"]
[BlackElo "1400"]

1. e4 c6 2. d4 d5 3. e5 Bf5 4. h3 e6 5. g4 Bg6 6. Nc3 Nd7 7. Bd2 c5 8. dxc5
Bxc5 9. Bg2 h6 10. f4 Ne7 11. Nge2 O-O 12. Na4 Rc8 13. Bc3 a6 14. b4 Ba7 15.
Qd2 b5 16. Nb2 Qb6 17. O-O-O Qc6 18. Nd3 Nb6 19. Bd4 Rc7 20. Nc5 Nc4 21. Qc3
Bxc5 22. Bxc5 Rfc8 23. Nd4 Qd7 24. Bf1 Nc6 25. Bxc4 bxc4 26. a3 Rb7 27. Kd2
Na7 28. Bxa7 Rxa7 29. Ra1 Be4 30. Rhf1 Rb8 31. a4 Rab7 32. Rfb1 Qe7 33. b5 Qh4
34. Nc6 Qf2+ 35. Kc1 Qxf4+ 36. Kb2 Re8 37. Na5 d4 38. Qxd4 c3+ 39. Ka2 Bd5+
40. Ka3 Qxd4 41. Rd1 Qc5# 0-1

[Event "ICU MVCC Ch (Challenger)"]
[Site "Twin Falls, ID"]
[Date "2012.03.24"]
[Round "4.2"]
[White "Featherston, Scott"]
[Black "Dugger, Gary"]
[Result "0-1"]
[WhiteElo "1000"]
[BlackElo "1280"]

1. e4 e5 2. Qh5 d6 3. Bc4 g6 4. Qf3 Nf6 5. d3 Bg7 6. h3 O-O 7. Ne2 Be6 8. Bxe6
fxe6 9. Qg3 c6 10. Bg5 Qb6 11. Bc1 Nh5 12. Qe3 Nd7 13. O-O d5 14. exd5 exd5
15. c3 Rae8 16. Na3 d4 17. Qe4 Nc5 18. Qh4 Nxd3 19. Rb1 Nxc1 20. Rfxc1 d3 21.
Ng3 Qxf2+ 22. Kh1 Nxg3+ 23. Kh2 Nf1+ 24. Kh1 Qxh4 25. Rxf1 e4 26. Nc4 b5 27.
Ne3 Rxf1+ 28. Rxf1 d2 29. Kh2 Be5+ 30. Kg1 Qe1 31. Nc2 Qxf1+ 32. Kxf1 d1=Q+
33. Kf2 Qd2+ 34. Kg1 Qxc2 35. b3 Rf8 36. h4 Qc1# 0-1

[Event "ICA Players Mem-Res."]
[Site "Boise, ID"]
[Date "2012.05.19"]
[Round "2.2"]
[White "Featherston, Scott"]
[Black "Lang, Jamie"]
[Result "0-1"]
[WhiteElo "752"]
[BlackElo "1343"]

1. e4 e5 2. Qf3 Nf6 3. h3 Nc6 4. c3 Bc5 5. Bc4 O-O 6. a3 a6 7. Bd3 b5 8. Bc2
a5 9. d3 a4 10. g4 d5 11. Nd2 d4 12. cxd4 Nxd4 13. Qd1 Be6 14. f3 c6 15. Ne2
Qa5 16. Kf2 Nxc2+ 17. Kg3 Nxa1 18. h4 Nb3 19. Nxb3 Bxb3 20. Qf1 Qb6 21. h5 Be3
22. Bxe3 Qxe3 23. Nc3 Qf4+ 24. Kg2 Be6 25. Ne2 Qd2 26. Kg1 Qxd3 27. g5 Nxe4
28. fxe4 Qxe4 29. Ng3 Qe3+ 30. Kg2 Bd5+ 31. Kh3 Qxg5 32. Kh2 Qh4+ 33. Kg1
Qxg3+ {#R} 0-1

[Event "ICA Players Mem-Res."]
[Site "Boise, ID"]
[Date "2012.05.19"]
[Round "3.2"]
[White "Featherston, Scott"]
[Black "Gorman, Cody Austin"]
[Result "0-1"]
[WhiteElo "752"]
[BlackElo "1252"]

1. e4 c6 2. d4 d5 3. e5 Bf5 4. Nd2 e6 5. g4 Bg6 6. b3 c5 7. c3 Nc6 8. Ngf3 Qb6
9. Ba3 Be7 10. Qc1 cxd4 11. Bxe7 Ngxe7 12. cxd4 Nxd4 13. Nxd4 Qxd4 14. Nf3
Qxg4 15. Bb5+ Kd8 16. Qc3 Rc8 17. Qa5+ b6 18. Qxa7 Qb4+ 19. Nd2 Qxb5 20. Kd1
Bh5+ 21. f3 Nc6 22. Qa3 Nxe5 23. Qd6+ Nd7 24. Rc1 Bxf3+ 25. Nxf3 Qd3+ 26. Nd2
Rxc1+ 27. Kxc1 Qc3+ 28. Kd1 Qa1+ 29. Ke2 Qxh1 30. a4 Qa1 31. Qc6 Qe5+ 32. Kd3
Qxh2 33. Qa8+ Qb8 34. Qc6 Ne5+ 35. Ke2 Nxc6 {#R} 0-1